Pennsylvania Geography Quiz - Sudden Death - Statistics

General Stats
  • This quiz has been taken 462 times
    460 since last reset
  • The average score is 13 of 20
Answers on the Grid
Answers color-coded by a green-red scale on the quiz's grid according to % correct below.
Adirondack Mountains
Allegheny Mountains
Allegheny River
Allentown
Atlantic City
Buffalo
Cape Cod
Catskill Mountains
Chesapeake Bay
Delaware River
Delaware Water Gap
Delmarva Peninsula
Finger Lakes
Gateway Arch National Park
Gettysburg
Great Smoky Mountains National Park
Harrisburg
Hudson River
Independence Hall
Lake Erie
Lake Ontario
Lancaster
Long Island Sound
Mason-Dixon Line
Monongahela River
New England
Niagara Falls
Ohio River
Philadelphia
Pittsburgh
Pocono Mountains
Potomac River
Scranton
Shenandoah National Park
Skyline Drive
St. Lawrence River
Susquehanna River
Thousand Islands
Three Mile Island
Valley Forge
 
Answer Stats
Answer % Correct
Allentown
89%
Allegheny River
83%
Allegheny Mountains
79%
Harrisburg
79%
Philadelphia
77%
Gettysburg
76%
Pittsburgh
74%
Lancaster
72%
Independence Hall
69%
Scranton
69%
Delaware River
68%
Lake Erie
68%
Pocono Mountains
61%
Susquehanna River
61%
Valley Forge
58%
Ohio River
56%
Monongahela River
55%
Three Mile Island
50%
Delaware Water Gap
49%
Mason-Dixon Line
45%
No matching quizzes found
Score Distribution
Percent of People with Each Score
Percentile by Number Answered
Your Score History
You have not taken this quiz since the last reset